MYTHOLOGY 101 FROM GODS AND GODDESSES TO (Record no. 32349)

MARC details
000 -LEADER
fixed length control field 00334nam a2200133Ia 4500
008 - FIXED-LENGTH DATA ELEMENTS--GENERAL INFORMATION
fixed length control field 240624s9999 xx 000 0 und d
041 ## - LANGUAGE CODE
Language code of text/sound track or separate title eng
082 ## - DEWEY DECIMAL CLASSIFICATION NUMBER
Classification number 292.13 SEA
100 ## - MAIN ENTRY--PERSONAL NAME
Personal name SEARS KATHLEEN
245 ## - TITLE STATEMENT
Title MYTHOLOGY 101 FROM GODS AND GODDESSES TO
260 ## - PUBLICATION, DISTRIBUTION, ETC.
Date of publication, distribution, etc. 2014
Place of publication, distribution, etc. USA
Name of publisher, distributor, etc. Adams Media
300 ## - PHYSICAL DESCRIPTION
Extent 288 P.; 17 cm
365 ## - TRADE PRICE
Currency code
Price amount 33
Holdings
Withdrawn status Lost status Damaged status Not for loan Home library Current library Shelving location Date acquired Total Checkouts Full call number Barcode Date due Date last seen Date last checked out Copy number Price effective from Koha item type
        IMTN IMTN Rack 4-A 07/02/2020 1 292.13 SEA 32349 01/18/2026 01/08/2026 01/08/2026 75 06/24/2024 Books
Designed & Maintained by: LRC IMT Nagpur Contact: lrc@imtnag.ac.in© 2024. All Rights Reserved.